|
|
|
|
| LEADER |
01057cam a2200253 7i4500 |
| 001 |
0000066611 |
| 005 |
20220302090000.0 |
| 020 |
|
|
|a 9780865718883 (softcover)
|
| 020 |
|
|
|a 9781550926804 (electronic book)
|
| 090 |
0 |
0 |
|a SB 473
|b .R43 2018
|
| 100 |
1 |
|
|a Reed, Sue
|
| 245 |
1 |
0 |
|a Climate-wise landscaping :
|b practical actions for a sustainable future
|c Sue Reed, Ginny Stibolt.
|
| 264 |
|
|
|a Gabriola Island, BC, Canada:
|b New Society Publishers,
|c 2018.
|
| 300 |
|
|
|a 1 online resource ( xii, 307 pages):
|b color illustrations, color maps, text file, PDF.
|
| 336 |
|
|
|a text
|2 rdacontent
|
| 337 |
|
|
|a computer
|2 rdamedia
|
| 338 |
|
|
|a online resource
|2 rdacarrier
|
| 650 |
0 |
0 |
|a Landscape gardening --
|x Environmental aspects
|
| 650 |
0 |
0 |
|a Landscaping industry --
|x Environmental aspects
|
| 655 |
0 |
0 |
|a Electronic books
|
| 700 |
1 |
|
|a Stilbolt, Ginny
|
| 856 |
4 |
2 |
|u http://library.unisel.edu.my/web/guest/mylibrary
|
| 997 |
|
|
|a Engineering & Life Sciences, Faculty
|b Science & Biotechnology, Department
|
| 999 |
|
|
|a EBO0011307
|b EBOOK
|c EBOOK
|e Electronic resources
|